The one and only law of winning
| Main Author: | |
|---|---|
| Format: | Book |
| Published: |
Kuala Lumpur :
Golden Books Centre Sdn Bhd ,
1991
|
| Subjects: |
MARC
| LEADER | 00000cam a2200000 7i4500 | ||
|---|---|---|---|
| 001 | 0000004094 | ||
| 002 | 000004406 | ||
| 005 | 20000330.0 | ||
| 020 | |a 9679959716 | ||
| 090 | 0 | 0 | |a 650.1 |b WHE |
| 100 | 1 | |a Wheeler, Bern | |
| 245 | 1 | 4 | |a The one and only law of winning |c Bern Wheeler |
| 260 | |a Kuala Lumpur : |b Golden Books Centre Sdn Bhd , |c 1991 | ||
| 300 | |a 180p. ; |c 23cm. | ||
| 650 | 0 | 0 | |a Conduct of life |
| 650 | 0 | 0 | |a Success |
| 999 | |a 033410 |b BUKU |c PINJAMAN |e PERPUSTAKAAN KOMUNITI PETALING JAYA | ||